| 000 | 00461nam a2200157Ia 4500 | ||
|---|---|---|---|
| 008 | 191206s9999 xx 000 0 und d | ||
| 020 | _a70333467 | ||
| 090 | _aHD31.K03 | ||
| 245 | 0 | _aOrganization and management: a systems and contingency approach | |
| 250 | _a3d ed. | ||
| 260 | _aMcGraw-Hill | ||
| 260 | _bMcGraw-Hill series in management | ||
| 260 | _ccc1979 | ||
| 300 | _a"x, 644 p. : ill. ; 24 cm." | ||
| 999 |
_c16609 _d16609 |
||